1253 1897 1733 1390 1911 1769 1258 1213 1669 1054 1194 1607 1205 1950 1812 1434 1617 1672 1023 1473 1346 1439 1694 1381 1598 1902 1751 1111 1148 1811 1968 1024 1575 1935 1757 1532 1649 1707 1624 1705 1524 1014 1115 1231 1186 1224 1287 1738 1944 1459 1080 1803 1963 1071 1598 1809 1383 1396 1950 1763 1669 1290 1235 1818 1701 1880 1268 1509 1192 1817 1357 1911 1449 1239 1934 1536 1990 1559 1854 1405 1653 1334 1968 1150 1424 1950 1592 1523 1167 1441 1765 1704 1802 1980 1638 1209 1669 1211 1386 BCNSPRNW ULIB Ver.6.0+V

เปลี่ยนเป็นภาษาไทย

Change to English
 แสดงรายละเอียดบรรณานุกรม
  กลับหน้าหลัก

Brief Record : Get Marc (ISO 2709) : E-mail record : QR code < ปิดหน้าต่าง
สารบัญ Review โดย
ทศพร เกษรทอง
ห้องสมุดวิทยาเขตนครสวรรค์
ทศพร เกษรทอง เมื่อ3/ตุลาคม/2557
1. Vascular Anatomy of the Intestines
2. Overview of Mesenteric Ischemia
3. Acute Mesenteric Arterial Ischemia
4. Acute Mesenteric Venous Thrombosis
5. Chronic Mesenteric Ischemia
6. Ischemic Colitis
7. Mesenteric Vasculitis
8. Ectopic Varices and Portal Hypertensive
    Intestinal Vasculopathy
9. Hypercoagulable State
10. Aortoenteric Fistulae
11. Superior Mesenteric Artery Syndrome
12. Angiodysplasia
13. Diagnostic Radiology for Intestinal Vascular Disorders
14. Endoscopy in Intestinal Ischemia
15. Differential Diagnosis of Intestinal Ischemia and 
      Other Diagnosis on Pathology
16. Interventional Radiology in Intestinal Vascular Disorders
17. Surgery of Mesenteric Ischemia

LEADER : 00000nam 2200000uu 4500
001    13399123516
003     ULIB
008    141003s2556||||th 000 0 tha d
020    ^a9786162791970
060 04 ^aWG595.C3^bส826ร
100 0  ^aสุพจน์ พงศ์ประสบชัย
245 00 ^aโรคหลอดเลือดลำไส้ =^bIntestinal Vascular Disorders /^cสุพจน์ พงศ์ประสบชัย
250    ^aพิมพ์ครั้งที่ 1
260    ^aกรุงเทพฯ :^bกรุงเทพเวชสาร,^c2556
300    ^a266 หน้า :^bภาพประกอบ ; ตาราง ;^c22 ซม.
650  7 ^aหลอดเลือดแดงช่องท้อง
650  7 ^aโรคหลอดเลือดลำไส้
700 0  ^aพิเศษ พิเศษพงษา
700 0  ^aทยา กิติยากร,มล.
700 0  ^aองอาจ ไพรสณฑรางกูร
945    ^p500^l0^i20965
945    ^p500^l0^i22769
945    ^p500^l0^i22770
999    ^aทศพร เกษรทอง
รายการนี้ยังไม่มีแท็ก
คุณยังไม่ได้ล็อกอิน คุณสามารถมีกิจกรรมร่วมกับเว็บไซต์ได้ แต่ต้องล็อกอินก่อน ::
  ล็อกอิน

รายการสื่อสารสนเทศ

ลำดับที่ ประเภท เลขเรียก/บาร์โค้ด สถานที่ สถานะ
1. วิทยาศาสตร์การแพทย์ และสุขภาพ
วิทยาศาสตร์การแพทย์ และสุขภาพ
สถานะ=หนังสือเก่า
WG595.C3 ส826ร ฉ.1 
  Barcode: 20965
ห้องสมุดวิทยาเขตนครสวรรค์
►ส่วนจัดเก็บหนังสือเก่า นว.
บนชั้น
  ขอยืม
2. วิทยาศาสตร์การแพทย์ และสุขภาพ
วิทยาศาสตร์การแพทย์ และสุขภาพ
สถานะ=หนังสือเก่า
WG595.C3 ส826ร ฉ.2 
  Barcode: 22769
ห้องสมุดวิทยาเขตนครสวรรค์
►ส่วนจัดเก็บหนังสือเก่า นว.
บนชั้น
  ขอยืม
3. วิทยาศาสตร์การแพทย์ และสุขภาพ
วิทยาศาสตร์การแพทย์ และสุขภาพ
สถานะ=หนังสือเก่า
WG595.C3 ส826ร ฉ.3 
  Barcode: 22770
ห้องสมุดวิทยาเขตนครสวรรค์
►ส่วนจัดเก็บหนังสือเก่า นว.
บนชั้น
  ขอยืม

รายการใกล้เคียง
    ผู้แต่ง [สุพจน์ พงศ์ประสบชัย]

    หัวเรื่อง [หลอดเลือดแดงช่องท้อง]
    หัวเรื่อง [โรคหลอดเลือดลำไส้]

BibComment


ยังไม่เคยถูกคอมเมนท์

คอมเมนท์ทรัพยากรรายการนี้
  คอมเมนท์: โรคหลอดเลือดลำไส..


 Copyright 2026. Bcnsprnw @Library